| 000 | 00498nam a2200169 4500 | ||
|---|---|---|---|
| 001 | 148644 | ||
| 003 | ES-MaACL | ||
| 007 | t| | ||
| 008 | 070214s1953 sp r ||||1| spa d | ||
| 100 | 1 |
_aSuárez Gómez, Gonzalo _9108625 |
|
| 245 | 1 | 0 |
_aGramática francesa _b: curso complementario / _cGonzalo Suárez Gómez. |
| 250 | _a2ª. ed. | ||
| 260 |
_aMadrid : _bHispania, _c1953. |
||
| 300 |
_a302 p. : _bil. ; _c19 cm. |
||
| 852 |
_aES-MaACL _jC-7889 _bR.35362 |
||
| 999 |
_c148644 _d148644 |
||